| 000 | 00424nam a22001457a 4500 | ||
|---|---|---|---|
| 008 | 230525b |||||||| |||| 00| 0 eng d | ||
| 040 |
_aNational Science Library _cNational Science Library |
||
| 080 |
_aR 332.6(058.7)(540) _bK8 |
||
| 245 | _aInvestors India yearbook 1968 | ||
| 260 |
_bSiddons and Gough (Private) Ltd., _c1968 |
||
| 300 | _alxxiii, 494p. | ||
| 650 | _aEconomics | ||
| 653 | _aYearbook | ||
| 942 |
_2udc _cREF |
||
| 999 |
_c34769 _d34769 |
||